Մեղուների հիվանդությունները և վնասատուները / (Record no. 118780)
[ view plain ]
| 000 -LEADER | |
|---|---|
| fixed length control field | 00873nam a2200205 a 4500 |
| 001 - CONTROL NUMBER | |
| control field | 000319841 |
| 003 - CONTROL NUMBER IDENTIFIER | |
| control field | AM-YeHGA |
| 005 - DATE AND TIME OF LATEST TRANSACTION | |
| control field | 20250617130516.0 |
| 008 - FIXED-LENGTH DATA ELEMENTS--GENERAL INFORMATION | |
| fixed length control field | 040319s2004 ai 000 | arm d |
| 020 ## - INTERNATIONAL STANDARD BOOK NUMBER | |
| International Standard Book Number | 9993027790 |
| 040 ## - CATALOGING SOURCE | |
| Original cataloging agency | AM-YeHGA |
| 041 0# - LANGUAGE CODE | |
| Language code of text/sound track or separate title | arm |
| 090 ## - LOCALLY ASSIGNED LC-TYPE CALL NUMBER (OCLC); LOCAL CALL NUMBER (RLIN) | |
| -- | 120129 |
| 100 1# - MAIN ENTRY--PERSONAL NAME | |
| Personal name | Նալբանդյան, Կառլեն Մ. |
| 245 10 - TITLE STATEMENT | |
| Title | Մեղուների հիվանդությունները և վնասատուները / |
| Statement of responsibility, etc. | Կ.Մ. Նալբանդյան, Ն.Մ. Հակոբյան; «Մուլտի Ագրո» ՍՊԸ Մեղվաբուծ. գիտահետազոտ. կայան. |
| 260 ## - PUBLICATION, DISTRIBUTION, ETC. | |
| Place of publication, distribution, etc. | Երևան : |
| Name of publisher, distributor, etc. | Զանգակ-97, |
| Date of publication, distribution, etc. | 2004. |
| 300 ## - PHYSICAL DESCRIPTION | |
| Extent | 94 էջ : |
| Other physical details | նկ., 2 ներդ. թ. գուն. նկ. ; |
| Dimensions | 20 սմ. |
| 700 1# - ADDED ENTRY--PERSONAL NAME | |
| Personal name | Հակոբյան, Նորակ Մ. |
| 710 2# - ADDED ENTRY--CORPORATE NAME | |
| Corporate name or jurisdiction name as entry element | "Մուլտի Ագրո" ՍՊԸ Մեղվաբուծական գիտահետազոտական կայան |
| Withdrawn status | Lost status | Damaged status | Not for loan | Collection | Home library | Current library | Date acquired | Total checkouts | Full call number | Barcode | Date last seen | Price effective from | Koha item type | Public note |
|---|---|---|---|---|---|---|---|---|---|---|---|---|---|---|
| General | Fundamental Scientific Library | Fundamental Scientific Library | 22/12/2016 | AII/88966 | 220088966 | 22/12/2016 | 22/12/2016 | Գրքեր / Books | 30 Days Loan |
ՀՀ Գիտությունների ազգային ակադեմիայի հիմնարար գիտական գրադարան = Fundamental Scientific Library of NAS RA
All site content, except where otherwise noted, is licensed under a